[Event "Top 16"]
[Site "?"]
[Date "2008.04.10"]
[Round "4.7"]
[White "Pucher, Sebastien"]
[Black "Aguettaz, Maxime"]
[Result "0-1"]
[WhiteElo "2221"]
[BlackElo "2422"]
[PlyCount "76"]
[EventDate "2008.??.??"]

1. e4 c5 2. Nf3 Nc6 3. d4 cxd4 4. Nxd4 Nf6 5. Nc3 e5 6. Ndb5 d6 7. Bg5 a6 8.
Na3 b5 9. Nd5 Be7 10. Bxf6 Bxf6 11. c3 Bg5 12. Nc2 Ne7 13. a4 bxa4 14. Ncb4 O-O
15. Rxa4 a5 16. Nxe7+ Qxe7 17. Bb5 Be6 18. Bc6 Ra7 19. Qa1 Qc7 20. Bd5 Bd7 21.
Ra3 Bb5 22. b3 Qc5 23. Nc2 Bd3 24. b4 Qc7 25. Ne3 Rb8 26. Kd2 Bc4 27. Rb1 Bxd5
28. exd5 f5 29. Rxa5 Rba8 30. f3 Qb6 31. Re1 Rxa5 32. bxa5 Rxa5 33. Qc1 Ra2+
34. Kd3 Qb5+ 35. c4 Qb3+ 36. Qc3 e4+ 37. fxe4 fxe4+ 38. Kd4 Bf6+ 0-1

[Event "Top 16"]
[Site "?"]
[Date "2008.04.10"]
[Round "4.8"]
[White "Assad, Karine"]
[Black "Leclair, Marie"]
[Result "0-1"]
[WhiteElo "2042"]
[BlackElo "1974"]
[PlyCount "82"]
[EventDate "2008.??.??"]

1. d4 d5 2. c4 e6 3. Nc3 c5 4. cxd5 exd5 5. Nf3 Nc6 6. g3 Nf6 7. Bg2 Be7 8. O-O
O-O 9. a3 Bg4 10. Be3 cxd4 11. Nxd4 Qd7 12. f3 Bh3 13. Bxh3 Qxh3 14. Nxc6 bxc6
15. Na4 Nd7 16. Rc1 Qe6 17. Bd4 c5 18. Bf2 d4 19. Re1 Qa6 20. Qc2 Rac8 21. Rcd1
Ne5 22. Kg2 Rfd8 23. b3 Qc6 24. Nb2 Ng4 25. Bg1 Rd6 26. Nc4 Rh6 27. Qf5 Nf6 28.
e3 Rh5 29. Qc2 dxe3 30. Rxe3 Bf8 31. Ne5 Qc7 32. g4 Rxe5 33. Rc3 Rce8 34. Rd2
Qe7 35. Rcd3 Qb7 36. h3 Nd5 37. Qc4 Nb6 38. Qf4 Qe7 39. a4 Re2+ 40. Kh1 Qh4 41.
Rxe2 Rxe2 0-1

[Event "Top 16"]
[Site "?"]
[Date "2008.04.10"]
[Round "4.1"]
[White "Buhmann, Rainer"]
[Black "Bologan, Viktor"]
[Result "0-1"]
[WhiteElo "2569"]
[BlackElo "2665"]
[PlyCount "94"]
[EventDate "2008.??.??"]

1. Nf3 g6 2. c4 Bg7 3. d4 d6 4. e4 Bg4 5. Be2 Nc6 6. Be3 e5 7. d5 Bxf3 8. Bxf3
Nd4 9. Nd2 Ne7 10. h4 h5 11. Bxd4 exd4 12. g3 Nc8 13. Bg2 Nb6 14. O-O O-O 15.
Rc1 a5 16. Nf3 Qf6 17. Ne1 Nd7 18. Nd3 b6 19. Rc2 Rae8 20. f4 Qd8 21. Re2 Nf6
22. Bf3 Kh8 23. Rfe1 Ng8 24. Bg2 Qc8 25. Kh2 c6 26. Bh3 Qb7 27. Qa4 cxd5 28.
exd5 Rxe2+ 29. Rxe2 Nf6 30. Qc6 Qb8 31. Re7 Qd8 32. Re2 Re8 33. Rxe8+ Nxe8 34.
Qd7 Qxd7 35. Bxd7 Nf6 36. Bb5 Ng4+ 37. Kg2 Ne3+ 38. Kf3 Kg8 39. a3 Kf8 40. b4
Bf6 41. bxa5 bxa5 42. a4 Bd8 43. Nc1 Bb6 44. Nd3 Ke7 45. Nc1 Bc5 46. Nd3 Ba3
47. Ba6 f5 0-1

[Event "Top 16"]
[Site "?"]
[Date "2008.04.10"]
[Round "4.2"]
[White "Gurevich, Mikhail"]
[Black "Schlosser, Philipp"]
[Result "1-0"]
[WhiteElo "2611"]
[BlackElo "2562"]
[PlyCount "73"]
[EventDate "2008.??.??"]

1. c4 c5 2. g3 g6 3. Bg2 Bg7 4. Nc3 Nc6 5. a3 b6 6. e3 Bxc3 7. bxc3 Bb7 8. e4
d6 9. d3 Qd7 10. Ne2 O-O-O 11. Nf4 e6 12. O-O Na5 13. Re1 Kb8 14. a4 h6 15. Re2
g5 16. Nh5 f5 17. exf5 Bxg2 18. Kxg2 exf5 19. Re1 Qf7 20. d4 Ne7 21. d5 Rhe8
22. h4 gxh4 23. Re6 Ng8 24. Qe2 Nxc4 25. Nf4 Ne5 26. a5 Qb7 27. axb6 axb6 28.
c4 Rxe6 29. Nxe6 Re8 30. f3 Nf6 31. Bf4 Nfd7 32. Ng7 Rf8 33. Qc2 hxg3 34. Nxf5
Nxc4 35. Qxc4 Rxf5 36. Bxd6+ Kc8 37. Qe4 1-0

[Event "Top 16"]
[Site "?"]
[Date "2008.04.10"]
[Round "4.3"]
[White "Netzer, Jean"]
[Black "Rausis, Igor"]
[Result "1/2-1/2"]
[WhiteElo "2390"]
[BlackElo "2511"]
[PlyCount "90"]
[EventDate "2008.??.??"]

1. e4 e5 2. Nf3 Nc6 3. Bb5 a6 4. Bxc6 dxc6 5. O-O Bg4 6. h3 Bh5 7. d3 Qf6 8.
Be3 Bxf3 9. Qxf3 Qxf3 10. gxf3 Bd6 11. Nd2 Ne7 12. Rfd1 f5 13. d4 exd4 14. Bxd4
fxe4 15. fxe4 O-O 16. e5 Nf5 17. Bc3 Be7 18. Ne4 Rad8 19. Rxd8 Rxd8 20. Kf1 Kf7
21. Ke2 Ke6 22. Rg1 g6 23. Rg4 c5 24. Nd2 Nd4+ 25. Bxd4 Rxd4 26. Rxd4 cxd4 27.
f4 Kf5 28. Kf3 g5 29. fxg5 Bxg5 30. Nb3 Kxe5 31. Nc5 b6 32. Nxa6 c5 33. Nc7 c4
34. Nb5 Kd5 35. Ke2 Bf4 36. b3 Kc5 37. bxc4 Kxc4 38. Na3+ Kc3 39. Nb5+ Kc4 40.
Na3+ Kc3 41. Nb5+ Kxc2 42. Nxd4+ Kb2 43. Ne6 Bd6 44. Kd3 Kxa2 45. Kc4 Kb2
1/2-1/2

[Event "Top 16"]
[Site "?"]
[Date "2008.04.10"]
[Round "4.4"]
[White "Degraeve, Jean-Marc"]
[Black "Heinz, Timothee"]
[Result "1-0"]
[WhiteElo "2556"]
[BlackElo "2304"]
[PlyCount "83"]
[EventDate "2008.??.??"]

1. e4 c5 2. c3 d5 3. exd5 Qxd5 4. d4 Nf6 5. Nf3 Nc6 6. dxc5 Qxc5 7. Be3 Qa5 8.
Na3 e5 9. Nc4 Qc7 10. Qa4 Bd7 11. Nb6 Rd8 12. Nxd7 Nxd7 13. Bb5 a6 14. Bxc6
Qxc6 15. Qxc6 bxc6 16. O-O-O f6 17. Nd2 Bc5 18. Nb3 Bxe3+ 19. fxe3 Ke7 20. Na5
Nb8 21. Kc2 Ke6 22. Nb7 Rd5 23. c4 Rxd1 24. Rxd1 f5 25. Nc5+ Ke7 26. b4 g5 27.
Rd3 f4 28. Kd2 Rf8 29. exf4 Rxf4 30. Rh3 Rf7 31. Rh6 a5 32. b5 cxb5 33. cxb5 a4
34. Ke3 Kd8 35. Nxa4 Nd7 36. Ra6 Rf4 37. Nc3 Rb4 38. Ra8+ Kc7 39. Nd5+ Kb7 40.
Rd8 Rxb5 41. Rxd7+ Kc6 42. Nc3 1-0

[Event "Top 16"]
[Site "?"]
[Date "2008.04.10"]
[Round "4.6"]
[White "Collas, Didier"]
[Black "Strohhaeker, Raoul"]
[Result "1-0"]
[WhiteElo "2446"]
[BlackElo "2393"]
[PlyCount "65"]
[EventDate "2008.??.??"]

1. Nf3 d5 2. d4 e6 3. c4 Nf6 4. Bg5 Nbd7 5. e3 c6 6. a3 Be7 7. Nc3 O-O 8. Qc2
Re8 9. Rd1 a6 10. h3 b5 11. c5 Nh5 12. Bf4 Nxf4 13. exf4 Qc7 14. g3 f6 15. Bd3
Nf8 16. Kf1 e5 17. fxe5 fxe5 18. Nxe5 Bxc5 19. Nxc6 Bb7 20. Ne2 Qxc6 21. Qxc5
Qxc5 22. dxc5 d4 23. Rg1 Ne6 24. b4 Rad8 25. f4 Nc7 26. Kf2 g6 27. Bc2 Re3 28.
Nxd4 Rxa3 29. Rge1 Kf8 30. c6 Bc8 31. f5 gxf5 32. Bxf5 Rc3 33. Ne2 1-0

[Event "Top 16"]
[Site "?"]
[Date "2008.04.10"]
[Round "4.7"]
[White "Lallemand, Roza"]
[Black "Eliet, Nicolas"]
[Result "1/2-1/2"]
[WhiteElo "2259"]
[BlackElo "2451"]
[PlyCount "80"]
[EventDate "2008.??.??"]

1. e4 c6 2. d4 d5 3. Nd2 dxe4 4. Nxe4 Nd7 5. Bc4 Ngf6 6. Ng5 e6 7. Qe2 Nb6 8.
Bd3 h6 9. N5f3 c5 10. dxc5 Bxc5 11. Ne5 Nbd7 12. Ngf3 O-O 13. Bd2 Nxe5 14. Nxe5
Qd5 15. O-O b5 16. Kh1 Bb7 17. f3 Bd4 18. Rae1 a6 19. Bb4 Rfc8 20. b3 Bc3 21.
Bxc3 Rxc3 22. Rd1 Qc5 23. Rfe1 Qc7 24. Ra1 Rd8 25. a4 Rc5 26. axb5 axb5 27. b4
Rcd5 28. Ra5 Qd6 29. Rxb5 Rxb5 30. Bxb5 Qxb4 31. Bd3 Qd6 32. Rb1 Ba8 33. Qe3
Nd5 34. Qe4 f5 35. Qd4 Qc7 36. Ra1 Nb6 37. Qe3 Nd5 38. Qd4 Nb6 39. Qe3 Qc3 40.
Qe1 Qc7 1/2-1/2

[Event "Top 16"]
[Site "?"]
[Date "2008.04.10"]
[Round "4.8"]
[White "Collas, Silvia"]
[Black "Didier, Quentin"]
[Result "1-0"]
[WhiteElo "2395"]
[BlackElo "2057"]
[PlyCount "75"]
[EventDate "2008.??.??"]

1. c4 e6 2. Nf3 d5 3. d4 Nf6 4. Bg5 h6 5. Bxf6 Qxf6 6. e3 c6 7. Nc3 Nd7 8. Bd3
dxc4 9. Bxc4 Bd6 10. O-O Qe7 11. Qe2 O-O 12. a3 a5 13. Rac1 Rd8 14. Ne4 Bc7 15.
Rfd1 Nf8 16. Ne5 f6 17. Nd3 b6 18. b4 Bd7 19. Qb2 axb4 20. axb4 Be8 21. Bb3 Bg6
22. f3 Be8 23. Rc3 Kh8 24. Qc2 Ra3 25. Ba4 Rxc3 26. Qxc3 e5 27. dxe5 Bxe5 28.
Nxe5 Rxd1+ 29. Bxd1 Qxe5 30. Qxe5 fxe5 31. Nd6 Bg6 32. f4 exf4 33. exf4 Bd3 34.
Kf2 c5 35. b5 Ne6 36. Ke3 Bf1 37. Bf3 Kg8 38. Bd5 1-0

[Event "Top 16"]
[Site "?"]
[Date "2008.04.10"]
[Round "4"]
[White "Jussupow, Artur"]
[Black "Sulava, Nenad"]
[Result "1-0"]
[WhiteElo "2572"]
[BlackElo "2479"]
[PlyCount "131"]
[EventDate "2008.??.??"]

1. d4 d5 2. Nf3 Nf6 3. e3 Bg4 4. c4 dxc4 5. Bxc4 e6 6. h3 Bh5 7. Nbd2 Nbd7 8.
O-O Bb4 9. Be2 O-O 10. Nc4 Be7 11. b3 c5 12. Bb2 Rc8 13. Rc1 a6 14. dxc5 Rxc5
15. Nd4 Bg6 16. b4 Rc7 17. Qb3 Be4 18. Bf3 Bxf3 19. Nxf3 Nd5 20. a3 Bf6 21. Na5
Rxc1 22. Rxc1 Qb8 23. Bxf6 N7xf6 24. Qc2 Rd8 25. g3 Ne8 26. Kg2 h6 27. e4 Ne7
28. e5 Rc8 29. Qd2 Rxc1 30. Qxc1 Nc7 31. Qc5 Ncd5 32. Nc4 Nf5 33. Nd6 Nfe7 34.
h4 b6 35. Qc2 Qa8 36. h5 Kf8 37. Qe4 Qc6 38. Nd4 Qc3 39. Qf3 Qxf3+ 40. Kxf3 Nc7
41. Ke4 Ned5 42. Kd3 g6 43. hxg6 fxg6 44. Kc4 Ke7 45. a4 Kd7 46. Nf7 h5 47. Ng5
b5+ 48. axb5 axb5+ 49. Kc5 Nc3 50. Kb6 N3d5+ 51. Ka5 Nc3 52. f4 Ke7 53. Kb6 Kd7
54. Nh7 N7d5+ 55. Ka5 h4 56. gxh4 Nxf4 57. Nxb5 Nce2 58. Na7 Nd4 59. Nf6+ Kd8
60. b5 Nd3 61. b6 Nxe5 62. Ka6 Nd3 63. Ne4 Nb3 64. Nc6+ Kd7 65. Kb5 Kc8 66.
Nd6+ 1-0

[Event "Top 16"]
[Site "?"]
[Date "2008.04.10"]
[Round "4.4"]
[White "Feller, Sebastien"]
[Black "Vincent, Stephane"]
[Result "1-0"]
[WhiteElo "2540"]
[BlackElo "2235"]
[PlyCount "68"]
[EventDate "2008.??.??"]

1. d4 Nf6 2. Nf3 c5 3. d5 b5 4. Bg5 Ne4 5. Bf4 g6 6. Nbd2 Nxd2 7. Qxd2 Bg7 8.
e4 O-O 9. Bh6 b4 10. Bxg7 Kxg7 11. h4 h5 12. O-O-O a5 13. Ne5 d6 14. Nc4 Nd7
15. Be2 Nf6 16. f3 a4 17. Kb1 Qc7 18. g4 b3 19. cxb3 axb3 20. a3 Rh8 21. g5 Nd7
22. f4 Ba6 23. Rdf1 Rhb8 24. Qc3+ Kg8 25. e5 Bxc4 26. Bxc4 dxe5 27. d6 exd6 28.
f5 Nb6 29. fxg6 d5 30. Rxf7 Qd6 31. Rf6 Qd7 32. Bxb3 c4 33. Qxe5 Re8 34. Qd4
Qg4 1-0

[Event "Top 16"]
[Site "?"]
[Date "2008.04.10"]
[Round "4.7"]
[White "Langevin, Philippe"]
[Black "Bergez, Luc"]
[Result "1-0"]
[WhiteElo "2147"]
[BlackElo "2367"]
[PlyCount "65"]
[EventDate "2008.??.??"]

1. e4 d5 2. exd5 Nf6 3. Nf3 Nxd5 4. Be2 Nf4 5. O-O Nxe2+ 6. Qxe2 e6 7. d4 Be7
8. Nc3 O-O 9. Bf4 c5 10. dxc5 Bxc5 11. Ne4 Be7 12. Rfd1 Qb6 13. c4 Nd7 14. Bd6
Bxd6 15. Rxd6 Qc7 16. Rad1 Nc5 17. b4 Nxe4 18. Qxe4 h6 19. a4 Rb8 20. Qd4 b6
21. Ne5 Ra8 22. c5 bxc5 23. bxc5 Rb8 24. h3 a5 25. Rd8 Bb7 26. Rd7 Qc8 27. Qd6
Bd5 28. c6 Rb6 29. Ng6 Re8 30. Ne7+ Rxe7 31. Qxe7 Kh7 32. Qxf7 Qh8 33. c7 1-0

[Event "Top 16"]
[Site "?"]
[Date "2008.04.10"]
[Round "4.8"]
[White "Roumegous, Marina"]
[Black "Martinovic, Gordana"]
[Result "1-0"]
[WhiteElo "2217"]
[BlackElo "1603"]
[PlyCount "97"]
[EventDate "2008.??.??"]

1. d4 Nf6 2. c4 d6 3. Nf3 Nbd7 4. Nc3 e5 5. e4 Be7 6. Be2 O-O 7. O-O c6 8. Qc2
Qe8 9. Rd1 a5 10. b3 exd4 11. Nxd4 Nc5 12. Bf4 Qd8 13. e5 Ne8 14. h3 Qc7 15.
exd6 Bxd6 16. Ndb5 cxb5 17. Nxb5 Bxf4 18. Nxc7 Nxc7 19. Bf3 g6 20. g4 Rb8 21.
Qc3 b6 22. Qf6 N7e6 23. Bd5 Bg5 24. Qe5 Nd7 25. Qg3 Nf4 26. Re1 Nxd5 27. cxd5
Ba6 28. Rad1 Nc5 29. h4 Bh6 30. Re7 Bg7 31. g5 Bb2 32. Qf3 Bb7 33. Qf4 Rbc8 34.
Qd6 Ba8 35. Qxb6 Nb7 36. Rxb7 Bxb7 37. Qxb7 Rcd8 38. Qc7 Ba3 39. Qxa5 Bd6 40.
a4 Rb8 41. Rd4 Rxb3 42. Qa6 Rd8 43. Rc4 Rb1+ 44. Kg2 Rd1 45. Rc8 Rxc8 46. Qxc8+
Kg7 47. Qc6 Be5 48. a5 Rd4 49. a6 1-0

[Event "Top 16"]
[Site "?"]
[Date "2008.04.11"]
[Round "5.2"]
[White "Fontaine, Robert"]
[Black "Degreave, Jean-Marc"]
[Result "0-1"]
[WhiteElo "2563"]
[BlackElo "2556"]
[PlyCount "119"]
[EventDate "2008.??.??"]

1. d4 Nf6 2. Nf3 g6 3. g3 Bg7 4. Bg2 O-O 5. O-O c6 6. c4 d6 7. Nc3 Nbd7 8. e4
e5 9. Re1 Qb6 10. d5 cxd5 11. cxd5 Nc5 12. h3 Bd7 13. Rb1 a5 14. Be3 Rfc8 15.
Nd2 Qd8 16. Qe2 Qe8 17. Nc4 Ra6 18. Na3 Nh5 19. Bf3 f5 20. Bxc5 Rxc5 21. exf5
Bxf5 22. Ne4 Bxe4 23. Bxe4 Nf6 24. Rbc1 Qc8 25. Rxc5 Qxc5 26. Bg2 Nxd5 27. Qd2
Ne7 28. Rc1 Qd4 29. Qg5 Bf8 30. Rc7 h6 31. Qc1 d5 32. Nb5 Qb4 33. Nc3 e4 34. a3
Qd6 35. Rxb7 Qc6 36. Rb5 d4 37. Bxe4 Qe8 38. Bd3 dxc3 39. Qxc3 Rc6 40. Qxa5
Rc1+ 41. Bf1 Qd7 42. Qa4 Qxh3 43. Qc4+ Rxc4 44. Bxh3 Kf7 45. Rb6 Rc6 46. Rb7
Bg7 47. Bf1 Rc2 48. Rb3 Rxb2 49. Bc4+ Ke8 50. Rxb2 Bxb2 51. a4 Bc3 52. Kg2 Kd7
53. f4 Kd6 54. Kf3 Be1 55. g4 g5 56. f5 Nd5 57. Bb3 Nf6 58. Bd1 Ba5 59. Bc2 Ke5
60. Ke3 0-1

[Event "Top 16"]
[Site "?"]
[Date "2008.04.11"]
[Round "5.5"]
[White "Rausis, Igor"]
[Black "Nataf, Igor"]
[Result "0-1"]
[WhiteElo "2511"]
[BlackElo "2543"]
[PlyCount "46"]
[EventDate "2008.??.??"]

1. e4 e5 2. Nf3 Nc6 3. Bb5 f5 4. d3 fxe4 5. dxe4 Nf6 6. Nc3 Bb4 7. Qd3 Bxc3+ 8.
Qxc3 Nxe4 9. Qe3 d5 10. Nxe5 O-O 11. Nxc6 bxc6 12. Bd3 Nxf2 13. O-O Nxd3 14.
Rxf8+ Qxf8 15. cxd3 Ba6 16. Bd2 Qf5 17. Re1 Bxd3 18. Qe6+ Qxe6 19. Rxe6 Rf8 20.
g3 Rf1+ 21. Kg2 Rb1 22. Bc3 c5 23. Re1 d4 0-1

[Event "Top 16"]
[Site "?"]
[Date "2008.04.11"]
[Round "5.6"]
[White "Leconte, Maria"]
[Black "Collas, Silvia"]
[Result "1-0"]
[WhiteElo "2336"]
[BlackElo "2395"]
[PlyCount "43"]
[EventDate "2008.??.??"]

1. e4 c5 2. c3 Nf6 3. e5 Nd5 4. d4 cxd4 5. Nf3 e6 6. cxd4 d6 7. Nc3 Nxc3 8.
bxc3 Qc7 9. Bd2 Nd7 10. Ng5 dxe5 11. Qh5 g6 12. Qf3 f6 13. Nxe6 Qb6 14. Bc4 Bd6
15. O-O Ke7 16. Rfe1 Qa5 17. Ng5 Bc7 18. Nf7 Rf8 19. Qh3 Nb6 20. Qxh7 Nxc4 21.
Nxe5+ Kd8 22. Nc6+ 1-0

[Event "Top 16"]
[Site "?"]
[Date "2008.04.11"]
[Round "5.7"]
[White "Payen, Arnaud"]
[Black "Govciyan, Pavel"]
[Result "0-1"]
[WhiteElo "2372"]
[BlackElo "2400"]
[PlyCount "114"]
[EventDate "2008.??.??"]

1. Nf3 g6 2. c4 Bg7 3. Nc3 e5 4. g3 d6 5. Bg2 Nc6 6. d3 f5 7. O-O Nf6 8. Rb1 h6
9. b4 O-O 10. b5 Ne7 11. Qb3 Be6 12. Nd2 Qc8 13. Nd5 Nexd5 14. cxd5 Bf7 15. Ba3
Qd7 16. Rfc1 h5 17. Qc4 Bh6 18. Bb4 Rac8 19. Rc2 f4 20. gxf4 Bxf4 21. h3 Qe7
22. e3 Bh6 23. Rbc1 Kh7 24. Qxc7 Rxc7 25. Rxc7 Qd8 26. Rxb7 Kg8 27. Ne4 Nxe4
28. dxe4 Be8 29. Rcc7 Qh4 30. Be1 Qf6 31. a4 Bg5 32. Rxa7 Bh4 33. Rc2 Qd8 34.
Rcc7 Qf6 35. Rc2 Qd8 36. Rcc7 Qf6 37. Rc2 Qd8 38. Bf1 Qg5+ 39. Kh1 Qf6 40. Kg1
Qg5+ 41. Kh2 Bg3+ 42. Kh1 Qh4 43. Kg1 Qxe4 44. Rcc7 Rf6 45. Ra8 Kf8 46. Rcc8
Kg7 47. Rc4 Qf5 48. f4 Bxe1 49. Rxe8 exf4 50. exf4 Ba5 51. Rce4 Bb6+ 52. Kh2
Qxd5 53. a5 Qd2+ 54. Bg2 Bxa5 55. Rb8 Rxf4 56. Ree8 Bc3 57. Rb7+ Kh6 0-1

[Event "Top 16"]
[Site "?"]
[Date "2008.04.11"]
[Round "5.3"]
[White "Feller, Sebastien"]
[Black "Svetushkin, Dmitry"]
[Result "0-1"]
[WhiteElo "2540"]
[BlackElo "2568"]
[PlyCount "164"]
[EventDate "2008.??.??"]

1. d4 d5 2. c4 c6 3. Nf3 Nf6 4. Nc3 a6 5. cxd5 cxd5 6. Bf4 Nc6 7. Rc1 Bf5 8.
Ne5 Bd7 9. e3 e6 10. Bd3 Be7 11. O-O O-O 12. Na4 Nxe5 13. Bxe5 Bc6 14. Nc5 Qb6
15. Qc2 h6 16. b4 Rfc8 17. Qb3 Nd7 18. Bg3 Bb5 19. a4 Bxd3 20. Qxd3 Qc6 21. a5
Bd8 22. Rb1 Nxc5 23. dxc5 Bc7 24. Rfd1 Bxg3 25. hxg3 Rd8 26. Qc3 Rac8 27. Rd3
Qc7 28. Rbd1 f5 29. Rd4 Rf8 30. g4 Qe5 31. gxf5 Rxf5 32. e4 Rh5 33. Qg3 Qxg3
34. fxg3 Rd8 35. exd5 Rhxd5 36. Rxd5 exd5 37. Kf2 Kf7 38. Ke3 Re8+ 39. Kd4 Re4+
40. Kxd5 Rxb4 41. Kd6 Rb5 42. Re1 Kf6 43. Re7 h5 44. Re5 g6 45. Re7 g5 46. Rh7
Kf5 47. Rxb7 Rxb7 48. c6 Rb2 49. c7 Rc2 50. Kd7 Kg4 51. c8=Q Rxc8 52. Kxc8 Kxg3
53. Kb7 Kxg2 54. Kxa6 g4 55. Kb7 Kh2 56. a6 g3 57. a7 g2 58. a8=Q g1=Q 59. Kc7
h4 60. Kd7 Qg4+ 61. Ke7 h3 62. Qb8+ Kg2 63. Qb2+ Kg3 64. Qc3+ Qf3 65. Qe1+ Kg2
66. Qd2+ Kf1 67. Qc1+ Kf2 68. Qc7 Qe4+ 69. Kf8 Qf5+ 70. Kg7 Qg5+ 71. Kf8 Kf3
72. Qc6+ Kg4 73. Qh1 Qf4+ 74. Kg7 h2 75. Kh7 Kh3 76. Qd5 Qc7+ 77. Kg6 Qc2+ 78.
Kh5 Qe2+ 79. Kh6 Qe3+ 80. Kh5 Kg3 81. Qd6+ Kg2 82. Qg6+ Kf2 0-1

[Event "Top 16"]
[Site "?"]
[Date "2008.04.11"]
[Round "5.4"]
[White "Koch, Jean-Rene"]
[Black "Chuchelov, Vladimir"]
[Result "0-1"]
[WhiteElo "2453"]
[BlackElo "2553"]
[PlyCount "74"]
[EventDate "2008.??.??"]

1. e4 c5 2. Nf3 e6 3. d3 Nc6 4. g3 Nf6 5. Bg2 Be7 6. O-O O-O 7. Re1 d5 8. e5
Nd7 9. c4 dxc4 10. Nc3 Nb6 11. dxc4 Qxd1 12. Nxd1 Nxc4 13. b3 Nb6 14. Bg5 Bd7
15. Rc1 Rfc8 16. Nb2 Bf8 17. Nd3 Nb8 18. Nd2 Bb5 19. Nxc5 Bxc5 20. Bxb7 N8d7
21. Bxc8 Nxc8 22. a4 Ba6 23. Be3 Bb4 24. f4 Ndb6 25. Red1 Nd5 26. Nc4 Nce7 27.
Bd2 Bc5+ 28. Kg2 Nf5 29. Kh3 h5 30. Nd6 Nxd6 31. exd6 Bxd6 32. Rc6 Be2 33. Rdc1
Rd8 34. Rc8 Bf1+ 35. Kh4 Be7+ 36. Kxh5 Be2+ 37. g4 Kh7 0-1

[Event "Top 16"]
[Site "?"]
[Date "2008.04.11"]
[Round "5.6"]
[White "Pucher, Olivier"]
[Black "Chabanon, Jean-Luc"]
[Result "0-1"]
[WhiteElo "2221"]
[BlackElo "2454"]
[PlyCount "73"]
[EventDate "2008.??.??"]

1. d4 Nf6 2. c4 e6 3. Nc3 Bb4 4. e3 b6 5. Nge2 Ne4 6. Bd2 Nxd2 7. Qxd2 Ba6 8.
Nf4 d6 9. Be2 Nd7 10. Nd3 Bxc3 11. Qxc3 Bb7 12. d5 Qf6 13. Rc1 Qxc3+ 14. Rxc3
c5 15. Bf3 e5 16. g4 h6 17. h4 Nf6 18. g5 Ng8 19. Kd2 f5 20. Bh5+ Kf8 21. f4
hxg5 22. hxg5 g6 23. Bf3 Rxh1 24. Bxh1 e4 25. Nf2 Ne7 26. Bxe4 fxe4 27. Nxe4
Rd8 28. Nf6 Kf7 29. e4 Rh8 30. Rf3 Rh2+ 31. Kc3 a6 32. a3 Bc8 33. e5 Nf5 34.
e6+ Bxe6 35. dxe6+ Kxe6 36. Nd5 b5 37. Nc7+ 0-1

[Event "Top 16"]
[Site "?"]
[Date "2008.04.11"]
[Round "5.7"]
[White "Hauchard, Arnaud"]
[Black "Pucher, Sebastien"]
[Result "1/2-1/2"]
[WhiteElo "2490"]
[BlackElo "2221"]
[PlyCount "134"]
[EventDate "2008.??.??"]

1. c4 c5 2. Nf3 g6 3. e4 Nc6 4. d4 cxd4 5. Nxd4 Nf6 6. Nc3 d6 7. Nc2 Bg7 8. Be2
O-O 9. O-O Nd7 10. Bd2 Nc5 11. b4 Ne6 12. Rc1 a5 13. a3 axb4 14. axb4 Ned4 15.
Nxd4 Nxd4 16. Be3 Nxe2+ 17. Qxe2 Be6 18. Rfd1 Qc7 19. Nd5 Bxd5 20. exd5 b6 21.
Bd4 Rfe8 22. Bxg7 Kxg7 23. h4 h5 24. Rd4 e5 25. dxe6 Rxe6 26. Qf3 Rae8 27. Qd5
Qe7 28. Rf4 Rf6 29. Qf3 Rxf4 30. Qxf4 Qe5 31. Qd2 Ra8 32. g3 Ra1 33. Rxa1 Qxa1+
34. Kg2 Qe5 35. Kf3 Qf5+ 36. Ke3 Qe6+ 37. Kd4 Qe5+ 38. Kd3 Kf8 39. Qh6+ Kg8 40.
Qe3 Qf5+ 41. Kc3 Qf6+ 42. Kb3 Qd8 43. Qd4 Qc7 44. Qd5 Kf8 45. f3 Ke7 46. g4
hxg4 47. fxg4 Qd7 48. Qg5+ Kf8 49. h5 Kg7 50. Qf4 f6 51. h6+ Kh7 52. Qxf6 Kxh6
53. Qf4+ Kh7 54. Kc3 Qe7 55. Kd4 Kg7 56. Qe4 Qf7 57. Ke3 Qf1 58. Qd4+ Kh7 59.
Qxd6 Qxc4 60. Qxb6 Qxg4 61. Qc7+ Kg8 62. Qd8+ Kf7 63. Qc7+ Kf6 64. Qc3+ Kf7 65.
Qc7+ Kf6 66. Qd8+ Kf7 67. Qc7+ Kf6 1/2-1/2

[Event "Top 16"]
[Site "?"]
[Date "2008.04.11"]
[Round "5.8"]
[White "Leclair, Marie"]
[Black "Roumegous, Marina"]
[Result "1-0"]
[WhiteElo "1974"]
[BlackElo "2217"]
[PlyCount "79"]
[EventDate "2008.??.??"]

1. e4 c6 2. d4 d5 3. Nc3 dxe4 4. Nxe4 Nf6 5. Nxf6+ gxf6 6. Nf3 Bf5 7. Bc4 e6 8.
Qe2 Nd7 9. c3 Qc7 10. O-O O-O-O 11. Nh4 Bg6 12. f4 f5 13. b4 Be7 14. Nf3 Bh5
15. Bd3 Bd6 16. Qe3 Bxf3 17. Qxf3 Nf6 18. a4 Rhg8 19. b5 c5 20. a5 Nd5 21. Bxf5
cxd4 22. cxd4 Qc4 23. Be3 Qb3 24. Rac1+ Kb8 25. Rfe1 exf5 26. Rb1 Qc4 27. Rbc1
Qxb5 28. Rb1 Bb4 29. Bd2 Qc4 30. Bxb4 Nxb4 31. Re7 Qxd4+ 32. Kh1 Qd5 33. Qe2
Nd3 34. Rbxb7+ Qxb7 35. Rxb7+ Kxb7 36. Qf3+ Ka6 37. Qc6+ Kxa5 38. Qc7+ Kb4 39.
Qb7+ Kc3 40. Qxa7 1-0

[Event "Top 16"]
[Site "?"]
[Date "2008.04.11"]
[Round "5.2"]
[White "Sulava, Nenad"]
[Black "Gofshtein, Leonid"]
[Result "1/2-1/2"]
[WhiteElo "2479"]
[BlackElo "2512"]
[PlyCount "130"]
[EventDate "2008.??.??"]

1. d4 Nf6 2. Nf3 g6 3. Nc3 d5 4. Bf4 Bg7 5. e3 O-O 6. Be2 c6 7. h4 Qb6 8. Rb1
Bg4 9. Ne5 Bxe2 10. Qxe2 c5 11. Qd2 cxd4 12. exd4 Nc6 13. Nxc6 Qxc6 14. Be5
Rac8 15. Rc1 b5 16. a3 Rfd8 17. h5 Nxh5 18. Bxg7 Kxg7 19. Ne2 f5 20. f3 Qd6 21.
Kf2 f4 22. Rxh5 gxh5 23. Nxf4 Rf8 24. Nxh5+ Kh8 25. c3 Rf5 26. Ng3 Rf7 27. Qe3
Rg8 28. Ne2 Rf5 29. Rh1 Rg6 30. Rh3 Qf6 31. g3 Qd6 32. Nf4 Rgf6 33. Qd3 Kg8 34.
Qxb5 e5 35. dxe5 Rxe5 36. Nd3 Re7 37. Rh5 Rfe6 38. Nf4 Re5 39. Rxe5 Rxe5 40.
Nd3 Re7 41. Nb4 Rd7 42. Nc2 a6 43. Qb4 Qxb4 44. axb4 Kf7 45. g4 Re7 46. f4 Re8
47. Kf3 h6 48. Ne3 d4 49. cxd4 Rb8 50. Nc2 Rc8 51. Ne1 Rd8 52. Nc2 Rc8 53. Ne3
Rb8 54. Nd5 Rb5 55. Ke4 Rb8 56. f5 Re8+ 57. Kf4 Rd8 58. Ke5 Re8+ 59. Kf4 Rd8
60. Ke4 Rg8 61. Ne3 Rb8 62. Nc2 Rg8 63. Kf4 Rc8 64. Ne3 Rd8 65. Nc2 Rc8 1/2-1/2

[Event "Top 16"]
[Site "?"]
[Date "2008.04.11"]
[Round "5.4"]
[White "Vincent, Stephane"]
[Black "Magem Badals, Jordi"]
[Result "0-1"]
[WhiteElo "2235"]
[BlackElo "2470"]
[PlyCount "34"]
[EventDate "2008.??.??"]

1. d4 d5 2. Nf3 Nf6 3. c4 c6 4. Nc3 e6 5. Bg5 Nbd7 6. e3 Qa5 7. Bxf6 Nxf6 8. a3
Ne4 9. Rc1 Nxc3 10. Rxc3 Bxa3 11. Nd2 Bxb2 12. Rc2 Bc3 13. Bd3 e5 14. dxe5 dxc4
15. Bxc4 Bf5 16. Ra2 Qxe5 17. O-O O-O 0-1

[Event "Top 16"]
[Site "?"]
[Date "2008.04.11"]
[Round "5.5"]
[White "Aguettaz, Maxime"]
[Black "Comte, Frederic"]
[Result "1-0"]
[WhiteElo "2422"]
[BlackElo "2190"]
[PlyCount "89"]
[EventDate "2008.??.??"]

1. Nf3 Nf6 2. c4 c6 3. Nc3 g6 4. d4 Bg7 5. e4 d6 6. Be2 O-O 7. O-O Bg4 8. Be3
Nbd7 9. Qd2 Qc7 10. h3 Bxf3 11. Bxf3 Rfe8 12. g4 Nf8 13. g5 N6d7 14. Bg4 e5 15.
d5 c5 16. h4 Qd8 17. f3 Nb6 18. b3 h5 19. gxh6 Bf6 20. h5 g5 21. Bf5 Nh7 22.
Kf2 Kh8 23. Rg1 Rg8 24. a3 Qf8 25. Qd3 Nc8 26. b4 b6 27. bxc5 dxc5 28. a4 Nd6
29. a5 Qxh6 30. Bg4 Bg7 31. Rgb1 Nf6 32. axb6 axb6 33. Rxa8 Rxa8 34. Rxb6 Nxg4+
35. fxg4 Nxe4+ 36. Nxe4 Qxb6 37. Nxg5 e4 38. Qxe4 Qf6+ 39. Qf5 Qxf5+ 40. gxf5
Bd4 41. Bxd4+ cxd4 42. f6 Rc8 43. d6 Kg8 44. h6 d3 45. d7 1-0

[Event "Top 16"]
[Site "?"]
[Date "2008.04.11"]
[Round "5.6"]
[White "Garro, Pierre"]
[Black "Clery, Nicolas"]
[Result "0-1"]
[WhiteElo "2173"]
[BlackElo "2379"]
[PlyCount "80"]
[EventDate "2008.??.??"]

1. e4 c6 2. c4 e5 3. Nf3 d6 4. d4 Nd7 5. Nc3 Ngf6 6. h3 Be7 7. Be3 O-O 8. g4
Qa5 9. Nd2 exd4 10. Nb3 Qc7 11. Nxd4 Nc5 12. Qf3 Re8 13. g5 Nfd7 14. Qg3 Bf8
15. O-O-O Nxe4 16. Nxe4 Rxe4 17. Bd3 Re8 18. f4 Nc5 19. Bc2 d5 20. cxd5 cxd5
21. Qh4 Ne4 22. Kb1 Bd7 23. Rc1 Qa5 24. Nb3 Qa6 25. Rhd1 Qe6 26. Qh5 g6 27. Qf3
Qxh3 28. Qxh3 Bxh3 29. Rxd5 Nc3+ 30. bxc3 Rxe3 31. Rd3 Rae8 32. Rcd1 Bg4 33.
Rxe3 Rxe3 34. Rg1 Bh3 35. c4 Bd6 36. c5 Bxf4 37. Na5 Bc8 38. Bb3 Bf5+ 39. Kb2
Re2+ 40. Ka3 Be3 0-1